000 00719nam a2200253 a 4500
001 BRL_154
005 20190320210619.0
008 750211s1961 mx-a######---#000-0#spa-#
040 _aDLC
_cTxU
_dCNE
041 _aspa
044 _amx
050 4 _aND259.M4
_b.N45 1961
100 1 _aNelken, Margarita,
_d1896-1968
_923058
245 1 0 _aCarlos Mérida
_cMargarita Nelken.
260 _aMéxico
_bUNAM, Dirección General de Publicaciones
_c1961
300 _a84 p.
_bil.
_c24 cm.
440 0 _aColección de arte
_v9
_923059
500 _aIncluye lista de ilustraciones
500 _aAu197
600 1 4 _aMérida, Carlos
_d1891-1984
_923060
650 1 4 _aPintores mexicanos
_94220
902 _aGRL
942 _2lcc
_cB
999 _c8967
_d8967